000 00371nam a2200145Ia 4500
008 150201s1982 xx 000 0 und d
082 _a617.692
_bB1982S
100 _aSMITH,DENNIS
245 _aBIOCOMPATIBILITY OF DENTAL MATERIALS
250 _a1ST
260 _bC.R.C.PRESS PUBLICATION
_aDELHI
_c1982
300 _a1-224
650 _aDENTAL MATERIAL
942 _2ddc
_cBK
999 _c4225
_d4225